000 00918nam a22002897a 4500
001 BR0500005
003 BR-BrBNA
005 20230928101806.0
007 ta
008 230509b bl.||||| |||| 00| 0 por d
040 _aBR-BrBNA
_bpor
_cBiblioteca Nacional de Agricultura
041 _a(Por)
072 _aF30
_b3420
_b3373
090 _ 3420 BR0500005
100 1 _aCampos, J.M.S. de
110 1 _aUniversidade Federal de Lavras, MG (Brasil)
_0Tese (Mestrado)
245 1 _aInvestigação citogenética do potencial alelopático de espécies de líquens e pteridófitas
260 3 _aLavras, MG (Brasil):
_c2004.
300 _a86 p.
500 _aSummaries (Eng, Por); Bibliography p. 71-84; 12 tables; 31 illus.
650 _aALELOPATIA
650 _aCOMPETIÇÃO BIOLÓGICA
650 _aCITOGENÉTICA VEGETAL
650 _aPODER GERMINATIVO
909 _a202309
_bLucia
_c55
_dLucia Elande
942 _cBK
999 _c67608
_d67608